Postavenie Moldavskej republiky vo svetovom hospodárstve v kontexte podnesterského konfliktu dizertačná práca

Salvato in:
Dettagli Bibliografici
Autore principale: Raneta, Leonid, 1982-
Ente Autore: Fakulta medzinárodných vzťahov EU. Katedra medzinárodných ekonomických vzťahov a hospodárskej diplomacie
Altri autori: Mráz, Stanislav
Natura: Libro
Lingua:slovacco
Pubblicazione: Bratislava 2010
Soggetti:
Tags: Aggiungi Tag
Nessun Tag, puoi essere il primo ad aggiungerne!!

MARC

LEADER 00000nam$a2200000$$$4500
001 0117164
005 20240502072316.8
041 0 |a slo 
044 |a SK 
245 1 0 |a Postavenie Moldavskej republiky vo svetovom hospodárstve v kontexte podnesterského konfliktu  |b dizertačná práca  |c Leonid Raneta ; škol. Stanislav Mráz 
264 1 |a Bratislava  |c 2010 
300 |a 186 s. 
610 2 0 |a hospodárstvo národné 
610 2 0 |a Moldavsko 
610 2 0 |a hospodárstvo svetové 
610 2 0 |a konflikty etnické 
610 2 0 |a rast hospodársky 
610 2 0 |a vývoj hospodársky 
610 2 0 |a vývoj sociálny 
100 1 |a Raneta, Leonid, 1982- 
700 1 |a Mráz, Stanislav 
710 2 |a Fakulta medzinárodných vzťahov EU. Katedra medzinárodných ekonomických vzťahov a hospodárskej diplomacie